000 00612nam a22001937a 4500
008 131114b xxu||||| |||| 00| 0 alb d
020 _a9951503004
041 1 _aalb
080 _a34
_x(496.51)
245 0 0 _aLibër udhëzues mbi decentralizimin në Kosovë /
_cedituar nga : Robert D. Ebel and Gábor Péteri.
260 _a[Prishtinë] :
_b[Forum] ;
_c[2007].
300 _a271 f. :
_bilustr. ;
_c24 cm.
500 _aParathënie : f. 9-10
505 _aIndex : f. 269-271
650 0 _aDecentralizimi në qeverisje
_zKosovë
700 1 _aEbel, Robert D.
700 1 _aPéteri, Gábor
942 _2udc
_cBK
999 _c315
_d315